000 00599nam a2200193 i 4500
001 54704
003 ES-MaACL
005 20251013180846.0
007 t|
008 040112s1906 sp ||||1| spa d
100 1 _aFuster, Nicolás.
_953083
245 1 4 _aLas construcciones navales militares en España /
_cN. Fuster y A. Navarrete.
260 _aMadrid :
_b[s.n.],
_c1906.
650 4 _aMarina de guerra-
_zEspaña.
_9136467
650 _aConstrucción naval.
_9136271
700 1 _aNavarrete y Alcázar, Adolfo,
_d1861-1925
_985044
852 _aES-MaACL
_jT-1078-F-6
999 _c54704
_d54704